Top 10 des aliments les plus antioxydants - Statistiques

Statistiques générales
  • Ce quiz a été pris 7 fois
  • Le résultat moyen est 1 sur 10
Statistiques - réponses
Top Reponse % Correct
6 Noix
50%
9 Artichaut
33%
7 Myrtilles
33%
8 Noisettes
17%
4 Acai
0%
2 Baies de goji
0%
1 Cacao brut
0%
10 Canneberge
0%
5 Haricots rouges
0%
3 Noix de pecan
0%
Aucun quiz correspondant
Distribution des résultats
% des personnes avec chaque résultat
Percentile par nombre de réponses
Votre historique - résultats
Vous n’avez pas pris ce quiz